Normal view
MARC view
- City planning
Entry Topical Term
001 - CONTROL NUMBER
- control field: 5458
003 - CONTROL NUMBER IDENTIFIER
- control field: NUST
005 - DATE AND TIME OF LATEST TRANSACTION
- control field: 20171013124429.0
008 - FIXED-LENGTH DATA ELEMENTS
- fixed length control field: 171013|| aca||aabn | a|a d
040 ## - CATALOGING SOURCE
- Original cataloging agency: NUST
- Transcribing agency: NUST
150 ## - HEADING--TOPICAL TERM
- Topical term or geographic name entry element: City planning
- Geographic subdivision: Pakistan
- Geographic subdivision: Karachi.
670 ## - SOURCE DATA FOUND
- Source citation: Work cat.: (NUST)0: Cheema, Yasmin. 5456, The historical quarters of Karachi /, 2007.
